Music Quiz

Random Music or Rock Quiz

Who Knew by P!nk lyrics Quiz Stats

 Plays Quiz not verified by Sporcle

Support Sporcle.
Go Orange.
Score 0/233 Timer 10:00
0 Plays Today
% Correct
you
99.4%
you
99.4%
you
99.4%
be
99.4%
and
99.4%
you
99.4%
to
99.4%
be
99.4%
and
99.4%
you
99.4%
and
99.4%
who
99.4%
knew
99.4%
and
99.4%
and
99.4%
you
99.4%
you
99.4%
knew
99.4%
you
99.4%
and
99.4%
who
99.4%
knew
99.4%
you
99.4%
and
99.4%
you
99.4%
be
99.4%
and
99.4%
and
99.4%
and
99.4%
you
99.4%
who
99.4%
knew
99.4%
who
99.4%
knew
99.4%
you
99.4%
who
99.4%
knew
99.4%
who
99.4%
knew
99.4%
gone
98.8%
oh no
98.8%
no no
98.8%
gone
98.8%
gone
98.8%
me
98.1%
me
98.1%
your
98.1%
said
98.1%
me
98.1%
said
98.1%
long
98.1%
said
98.1%
we
98.1%
so
98.1%
said
98.1%
your
98.1%
long
98.1%
said
98.1%
we
98.1%
we
98.1%
we
98.1%
said
98.1%
long
98.1%
we
98.1%
your
98.1%
me
98.1%
my
97.5%
if
97.5%
too
97.5%
my
97.5%
my
97.5%
if
97.5%
my
97.5%
my
97.5%
my
97.5%
my
97.5%
my
97.5%
my
97.5%
% Correct
someone
96.9%
from
96.9%
now
96.9%
all
96.9%
someone
96.9%
now
96.9%
all
96.9%
someone
96.9%
from
96.9%
now
96.9%
all
96.9%
how
96.3%
three
96.3%
years
96.3%
forever
96.3%
ever
96.3%
'fore
96.3%
how
96.3%
they
96.3%
forever
96.3%
ever
96.3%
three
96.3%
years
96.3%
I'd
95.7%
I'd
95.7%
I'd
95.7%
up
95%
wrong
95%
know
95%
know
95%
wrong
95%
up
95%
wrong
95%
that
94.4%
you'd
93.8%
in
93.8%
you'd
93.8%
stand
93.8%
cause
93.8%
better
93.8%
cause
93.8%
better
93.8%
in
93.8%
you'd
93.8%
stand
93.8%
cause
93.8%
in
93.8%
took
93.2%
took
93.2%
they're
93.2%
they're
93.2%
they're
93.2%
hand
92.5%
punch
92.5%
punch
92.5%
out
91.9%
when
91.9%
were
91.9%
when
91.9%
out
91.9%
uh huh
91.3%
right
91.3%
yeah huh
91.3%
right
91.3%
yeah yeah
91.3%
showed
90.7%
that's
90.7%
I
90.7%
I
90.7%
that's
90.7%
them
90.7%
I
90.7%
I
90.7%
I
90.7%
I
90.7%
I
90.7%
I
90.7%
I
90.7%
% Correct
I
90.7%
I
90.7%
them
90.7%
I
90.7%
I
90.7%
I
90.7%
I
90.7%
just
89.4%
could
89.4%
could
89.4%
just
89.4%
could
89.4%
everything
88.8%
again
88.8%
still
88.8%
friend
88.8%
still
88.8%
again
88.8%
again
88.8%
friend
88.8%
again
88.8%
around
88.2%
remember
87.6%
I'll
87.6%
I'll
87.6%
remember
87.6%
promised
87%
was
87%
meet
87%
meet
87%
meet
87%
words
86.3%
wish
86.3%
wish
86.3%
blessings
86.3%
it
86.3%
wish
86.3%
count
85.7%
didn't
85.1%
until
85.1%
until
85.1%
until
85.1%
until
85.1%
believed
84.5%
fools
84.5%
call
84.5%
keep
83.9%
keep
83.9%
such
82.6%
give
82.6%
darling
82.6%
darling
82.6%
darling
82.6%
darling
82.6%
darling
82.6%
anything
81.4%
cool
80.7%
memory
80.1%
guess
79.5%
last
78.9%
but
78.9%
touch
78.3%
kiss
78.3%
what
76.4%
sleep
76.4%
convinced
75.2%
miss
75.2%
head
74.5%
locked
73.3%
cherish
72.7%
won't
72%
time
72%
makes
71.4%
harder
71.4%
visit
70.8%
forget
70.2%
happened
67.7%

You're not logged in!

Compare scores with friends on all Sporcle quizzes.
OR
Log In

From the Vault

Code Cracker! XXXVII

by hockeystix3

Unlock the code and you'll be rewarded with delicious crackers.
Remove Ads.
Support Sporcle.
Get the best of Sporcle when you Go Orange. This ad-free experience offers more features, more stats, and more fun while also helping to support Sporcle. Thank you for becoming a member.

Show Comments

Extras

Top Quizzes Today


Score Distribution

Your Account Isn't Verified!

In order to create a playlist on Sporcle, you need to verify the email address you used during registration. Go to your Sporcle Settings to finish the process.

Report this User

Report this user for behavior that violates our Community Guidelines.

Details: